Ultimas operaciones del Ejército Constitucional. Partes oficiales de las batallas de Concón y La Placilla: Agosto, 21, 28 de 1891
Saved in:
| Main Author: | |
|---|---|
| Corporate Author: | |
| Format: | Book |
| Language: | Spanish |
| Published: |
Santiago
Imprenta Nacional, calle de la Moneda, N§ 112
1892
|
| Edition: | 1a. ed |
| Subjects: | |
| Tags: |
Add Tag
No Tags, Be the first to tag this record!
|
MARC
| LEADER | 00000nam a2200000 a 4500 | ||
|---|---|---|---|
| 001 | UCJ4740 | ||
| 003 | CL-VaPUC | ||
| 005 | 20241021164758.0 | ||
| 008 | 070124e18920000CL |||||||||||||||||spa|d | ||
| 999 | |c 320855 |d 320853 | ||
| 040 | |c Pontificia Universidad Católica de Valparaíso | ||
| 082 | 0 | 4 | |a 983 |b CAN |2 21 |
| 100 | 0 | |a Canto, Estanislao del |e author |9 438233 | |
| 110 | 2 | |a Ejército de Chile |e author |9 508965 | |
| 245 | 1 | 0 | |a Ultimas operaciones del Ejército Constitucional. Partes oficiales de las batallas de Concón y La Placilla: Agosto, 21, 28 de 1891 |
| 250 | |a 1a. ed | ||
| 260 | |a Santiago |b Imprenta Nacional, calle de la Moneda, N§ 112 |c 1892 | ||
| 300 | |a 208 p | ||
| 500 | |a Anexos: pp. 24; 64, Croquis demostrativo de las operaciones del Ejército Constitucional en la campaña del 20 al 28 de agosto de 1891, escala 1:125.000; 64 bis; 68 y 75. La copia, N§ 2, trae fuera de texto, lo siguiente: 1§, Cuadro con el detalle de las bajas del Ejército Constitucional; 2§, Plano General de las operaciones del Ejército Constitucional, escala 1:50.000, levantado por Amadeo Vergara, Ernesto Pearson, E. de Drigalski, Germán Hurtado y Carlos Montero; 3§, Plano de Concón, Batalla de Concón, 21 de agosto de 1891, levantado por Ernesto Pearson, escala 1:20.000; 4§, Plano de La Placilla, Batalla del 28 de agosto de 1891, por Francisco Garnham y Luis S. Fitau, escala 1:10.000. Todos estos anexos se encuentran en excelente estado. La copia 1 se encuentra separada; la copia 2 se encuentra empastada junto a otras monografías en un volumen rotulado Operaciones del Ejército y Escuadra constitucional, Partes Oficiales 1891 y se ubica en 983 MER | ||
| 583 | |a last modification |c 20070124 00:00:00 |k Rodrigo Vera | ||
| 600 | 1 | 0 | |a Körner, Emilio |d 1846-1920 |9 859627 |
| 600 | 0 | 7 | |a PEARSON, ERNESTO |2 CL-VaPUC |9 508966 |
| 600 | 0 | 7 | |a VERGARA, AMADEO |2 CL-VaPUC |9 508967 |
| 600 | 0 | 7 | |a DRIGALSKI, E. DE |2 CL-VaPUC |9 508968 |
| 600 | 0 | 7 | |a HURTADO, GERMAN |2 CL-VaPUC |9 508969 |
| 600 | 0 | 7 | |a MONTERO, CARLOS |2 CL-VaPUC |9 508970 |
| 600 | 0 | 7 | |a FITAU, LUIS S. |2 CL-VaPUC |9 508971 |
| 650 | 7 | |a GUERRA CIVIL DE 1891 |2 CL-VaPUC |9 408173 | |
| 650 | 0 | |a Operaciones militares |9 372045 | |
| 650 | 7 | |a BATALLAS |2 CL-VaPUC |9 376940 | |
| 650 | 7 | |a DOCUMENTOS |2 CL-VaPUC |9 366450 | |
| 650 | 7 | |a FUENTES |2 CL-VaPUC |9 255666 | |
| 650 | 0 | |a Mapas |9 260844 | |
| 650 | 0 | |a Historia de Chile |9 265473 | |
| 651 | 0 | |a Concón |9 499913 | |
| 651 | 7 | |a PLACILLA |2 CL-VaPUC |9 315382 | |
| 651 | 0 | |a Valparaíso, Chile |9 261144 | |
| 852 | |a BIBCUR | ||
| 942 | |c BK |2 ddc | ||
| 945 | |d 20070124 00:00:00 |a rinostro | ||
| 952 | |0 0 |1 0 |4 0 |6 983_000000000000000_CAN_1892 |7 0 |8 X |9 399466 |a FDOBUD |b FDOBUD |d 2019-11-22 |i 1025414 |o 983 CAN 1892 |p 1025414 |r 2019-11-22 |w 2019-11-22 |y BK_X |k BUD | ||
| 952 | |0 0 |1 0 |4 0 |6 983_000000000000000_CAN_1892 |7 0 |8 X |9 399467 |a FDOBUD |b FDOBUD |d 2019-11-22 |i 1025449 |o 983 CAN 1892 |p 1025449 |r 2019-11-22 |w 2019-11-22 |y BK_X |k BUD | ||
| 952 | |0 0 |1 0 |4 0 |6 983_000000000000000_CAN_1892 |7 0 |8 X |9 399468 |a FDOBUD |b FDOBUD |d 2019-11-22 |i 1082248 |o 983 CAN 1892 |p 1082248 |r 2019-11-22 |w 2019-11-22 |y BK_X |k BUD | ||